In saccodegradability of stem, leaves, whole of 5 mulatio II on cattle by using the nylon bag technique, ការប្រើប្រាស់អំពីកំរិតរលាយផ្លែ ឆាង​ ស្លឹក និងធាងព្របឮមទាំងស្លឹកនៃស្មៅ MULATO II នៅចន្លោះកាត់​ ៥សប្តាហ៏ លើគោដោយប្រើវិធីសាស្ត្រថង់នីឡុង (Record no. 2262)

000 -LEADER
fixed length control field 00844nam a22001577a 4500
003 - CONTROL NUMBER IDENTIFIER
control field OSt
005 - DATE AND TIME OF LATEST TRANSACTION
control field 20151008170516.0
008 - FIXED-LENGTH DATA ELEMENTS--GENERAL INFORMATION
fixed length control field 151008b xxu||||| |||| 00| 0 eng d
040 ## - CATALOGING SOURCE
Transcribing agency RUA
082 ## - DEWEY DECIMAL CLASSIFICATION NUMBER
Classification number AVM CHH 2009 B086 Or.1
100 ## - MAIN ENTRY--PERSONAL NAME
9 (RLIN) 2402
Personal name CHHENG, PAGNNAROTT.
245 ## - TITLE STATEMENT
Title In saccodegradability of stem, leaves, whole of 5 mulatio II on cattle by using the nylon bag technique, ការប្រើប្រាស់អំពីកំរិតរលាយផ្លែ ឆាង​ ស្លឹក និងធាងព្របឮមទាំងស្លឹកនៃស្មៅ MULATO II នៅចន្លោះកាត់​ ៥សប្តាហ៏ លើគោដោយប្រើវិធីសាស្ត្រថង់នីឡុង
260 ## - PUBLICATION, DISTRIBUTION, ETC. (IMPRINT)
Place of publication, distribution, etc. phnom penh
Name of publisher, distributor, etc. RUA
Date of publication, distribution, etc. 2009
300 ## - PHYSICAL DESCRIPTION
Extent xi; 45p.
Other physical details ill.
Dimensions 29cm.
942 ## - ADDED ENTRY ELEMENTS (KOHA)
Source of classification or shelving scheme
Koha item type AVM
Holdings
Price effective from Date last seen Permanent Location Not for loan Date acquired Source of classification or shelving scheme Koha item type Lost status Withdrawn status Total Renewals Date last checked out Total Checkouts Shelving location Damaged status Barcode Current Location Full call number
2015-10-082015-10-08Library Block B 2015-10-08 AVM     B086 RUA019578Library Block BAVM CHH 2009 B086 Or.1
2015-10-082020-02-11Library Block B 2015-10-08 AVM   2020-01-141B086 RUA019069Library Block BAVM CHH 2009 B086 Or.2
2015-10-082015-10-08Library Block B 2015-10-08 AVM     B086 RUA009335Library Block BAVM CHH 2009 B086 Or.3
2015-10-082020-07-21Library Block B 2015-10-08 AVM   2020-06-232B086 RUA006054Library Block BAVM CHH 2009 B086 Or.4
2015-10-082016-04-20Library Block B 2015-10-08 AVM  12016-03-161B086 RUA017135Library Block BAVM CHH 2009 B086 Or.5
2015-10-082015-10-08Library Block B 2015-10-08 AVM     B086 RUA017372Library Block BAVM CHH 2009 B086 Or.6
2015-10-082015-10-08Library Block B 2015-10-08 AVM     B086 RUA017205Library Block BAVM CHH 2009 B086 Or.7
2015-10-082015-10-08Library Block B 2015-10-08 AVM     B086 RUA017093Library Block BAVM CHH 2009 B086 Or.8
មជ្ឈមណ្ឌលឯការនៃសាកលវិទ្យាល័យភូមិន្ទកសិកម្មចំការដូង

Powered by Koha